000
00272nam a2200121Ia 4500
008
191201s2013 xx 000 0 und d
100
_a
Vohra, N D
245
0
_a
Futures and Options
260
_a
N. delhi
_b
TMH
_c
2013
300
_a
384
650
_a
MBA
942
_2
ddc
_c
BK
_0
1
999
_c
6054
_d
6054